| 000 | 006830000a22002290004500 | ||
|---|---|---|---|
| 041 | 0 | _aEspañol | |
| 090 |
_aMM _b00004 |
||
| 245 | 1 | 0 | _aRecuperación de suelos |
| 300 |
_a20 min. _bBETA |
||
| 650 | 1 | 4 |
_aMinería _993137 |
| 650 | 1 | 4 |
_aDegradación ambiental _994762 |
| 650 | 1 | 4 |
_aRecuperación de suelos _992438 |
| 650 | 1 | 4 |
_aRevegetalización _97582 |
| 650 | 1 | 4 |
_aUso sostenible _9344 |
| 651 | 4 |
_dCauca _pColombia _992749 |
|
| 651 | 4 |
_lBajo Magdalena _dAntioquia _pColombia _992749 |
|
| 041 | 0 | _aEspañol | |
| 044 | _aColombia | ||
| 110 | 1 |
_aInstituto Nacional de los Recursos Renovables y del Ambiente _sINDERENA _9100867 |
|
| 260 |
_aBogotá _bINDERENA _c1992 |
||
| 942 | _cCD-ROM | ||
| 999 |
_c16464 _d16464 |
||